000 00679nam a2200277Ia 4500
005 20260324115015.0
008 008 260324s9999 xx 000 0 eng d
020 _a9781003097532
037 _aEBOOK
040 _aCRL
040 _beng
040 _cCRL
041 _2eng
041 _aeng
084 _qCRL
100 _aCherry Bhargava; Amit Sachdeva; Pradeep Kumar Sharma
_91153011
245 0 _aSmart Nanotechnology with Applications
260 _bTaylor and Francis
260 _c2020
365 _a
365 _b275
856 _uhttp://www.taylorfrancis.com/books/9781003097532
942 _cEBOOK
999 _c1743553
_d1743553